Caballeros, monjas y maestros en la edad media : Actas de las V Jornadas Medievales.

I tiakina i:
Ngā taipitopito rārangi puna kōrero
Kaituhi rangatōpū: Jornadas Medievales
Ētahi atu kaituhi: Walde Moheno, Lillian von der, ed (autor) ed, (autor), Company, Concepción, ed (autor) ed, (autor), González, Aurelio, ed (autor) ed, (autor)
Hōputu: Mauhanga Hui Pukapuka
Reo:Pāniora
Rangatū:(Publicaciones de medievalía ; 13)
Ngā marau:
Ngā Tūtohu: Tāpirihia he Tūtohu
Kāore He Tūtohu, Me noho koe te mea tuatahi ki te tūtohu i tēnei pūkete!

MARC

LEADER 00000nam^a2200000^u^4500
001 000528226
005 20250521000000.0
008 131106s10001000^^^^cr^^r^^^^^000^0^spa^d
009 20260310130746.784
022 |a 968365374X 
035 |a FCE 000072472 
037 |a Acervo ITESO - Biblioteca 
041 |a spa 
082 0 4 |a 809.063  |b JORc 
245 0 0 |a Caballeros, monjas y maestros en la edad media :  |b Actas de las V Jornadas Medievales. 
264 |a México :  |b Universidad Nacional Autónoma de México : El Colegio de México,  |c 1996. 
300 |a 557 p. 
336 |a texto  |b txt  |2 rdacontenido 
337 |a sin mediación  |b n  |2 rdamedio 
338 |a volumen  |b nc  |2 rdasoporte 
440 1 |a (Publicaciones de medievalía ; 13) 
649 |a XX 
650 |a Edad media 
650 |a Filología 
650 |a Congresos 
650 |a Historia y crítica 
650 |a Literatura medieval 
711 |a Jornadas Medievales  |c México)  |d (19 - 23 de septiembre de 1994 :  |n 5 
700 |a Walde Moheno, Lillian von der,  |e ed  |e (autor) 
700 |a Company, Concepción,  |e ed  |e (autor) 
700 |a González, Aurelio,  |e ed  |e (autor) 
910 |a Fondo Centro de Estudios Educativos 
920 |a Impresos - Libros 
930 |a Fondos Especiales 
905 |a 133 
901 |a ALE072395  |b IT2  |c CEE  |u 20250521 
902 |a https://opac.biblio.iteso.mx/vufind/Record/000528226